000 00563nam a2200217Ia 4500
003 OSt
005 20220928135814.0
006 a|||||r|||| 00| 0
007 ta
008 220927b |||||||| |||| 00| 0 eng d
024 _a4913
037 _cTextual
040 _aSDCL
_cSDCL
_beng
041 _2eng
_aeng
082 _aO-,1M88:g, K6
100 _aLu Fei-Pai
_9492829
245 0 _aT S Eliot the dialectical structure of his theory of poetry
260 _c1966
942 _hO-,1M88:g, K6
_cTEXL
_2CC
999 _c808512
_d808512